000 01194cab a2200265 4500
001 ABS53040
008 090401t1995 xxu||||| |||| 00| 0 eng d
035 _a(Sirsi) u1500
041 _aeng
100 _aSayce, S.L.
245 _aLeisure property: a question of profit?
260 _c1995
350 _a0
490 _aJournal of Property Finance
_v6(1) 1995, 7-27(21)
520 _aCommercial leisure properties are conventionally valued by the profits method. There has been comparatively little research in this area. This together with recent publicity surrounding the Scotts restaurant case and the valuation of Queens Moat Houses, led the author to undertake a survey of practitioners` perceptions of profits and discounted cash flow approaches to hotel and leisure valuations. Discusses initial findings and aspects of the profits method.
650 _aDISCOUNTED CASH FLOW METHOD
650 _aLEISURE PROPERTY
650 _aPROFITS METHOD
650 _aVALUATION METHODS
690 _aPROPERTY-COMMERCIAL PROPERTY-COMMERCIAL PROPERTY APPRAISAL AND VALUATION
690 _aLEISURE AND RECREATION
690 _aRATING AND VALUATION
942 _n0
948 _c04/03/1997
999 _c838
_d838